000 00295nam a22001337a 4500
008 170502b xxu||||| |||| 00| 0 eng d
020 _a9781558341951
041 _aeng
080 _23RD
_a34
100 _a14
101 _aSHJ
245 _aTHE MOOT COURT BOOK
_cGAUBATZ, J.T
942 _2udc
_cBK
999 _c12440
_d12440